00536nam a2200181 i 4500001000300000100002000003245004200023250002300065260001900088040000800107041000800115080001900123942000700142008004100149999001700190856009800207952004900305bg1 aAUSBORN, Werner 0aElektronik-Bauelemente /cW. Ausborn. a9. durchges. Aufl. aBerlin,c1983. cBPK apol a621.382(075.3) cKS s pl f |000 0 pol  c28206d28206 uhttp://koha.tu.koszalin.pl/cgi-bin/koha/opac-detail.pl?biblionumber=28206yKatalog online BPK 00104070aBPKbBPKcwo32655p01578850yKS